00969nas a2200313 4500001001300000003000900013005001700022007000300039008003400042040005400076041000900130072000800139100002000147100001600167100001800183100002400201100001800225100002300243100002400266100002000290100002800310100001900338245010200357650001800459650002000477650001600497650002700513773011500540BR2017003033BR-BrBNA20231205131134.0ta230509b bl.|||p| |||| 00| 00por d aBR-BrBNAbporcBiblioteca Nacional de Agricultura a(En) aL101 aRibeiro, V.M.P.1 aMerlo, F.A.1 aGouveia, G.C.1 aWinkelstroter, L.K.1 aAbreu, L.R.A.1 aSilva, M.V.G.B. da1 aPanetto, J.C. do C.1 aPaiva, L. de C.1 aCembranelli, M. de A.R.1 aToral, F.L.B. 1 aGenetic analysis of productive and reproductive traits in multiple-breed dairy cattle populations aGADO LEITEIRO aHEREDITARIEDADE aSELEÇÃO aPARÂMETRO GENÉTICO0 tPesquisa Agropecuária Brasileira (Brazil)xISSN 0100-204X g(Nov 2017), v. 52(11) p. 1109-1117wBR2017003033